000 00319nam a2200121 a 4500
005 20140414131857.0
008 100914s19uu xx 00 eng d
050 _aFIL
_bM95 2005
100 _aSantos, Marivic
245 _aThe most beautiful insect.
260 _aManila, Philippines :
_bJo-Es,
_c2005.
999 _c110526
_d110526